|
|
|
|
| LEADER |
00000nam a22000007a 4500 |
| 003 |
Ucuenca |
| 005 |
20230308225429.0 |
| 008 |
171016b1994 enk||||| |||| 00| 0 spa d |
| 020 |
|
|
|a 0-07-054004-7
|
| 040 |
|
|
|b spa
|
| 041 |
0 |
|
|a eng
|
| 082 |
0 |
|
|a 621.31
|
| 100 |
1 |
|
|9 211696
|a Bradley, David
|
| 245 |
|
|
|a Basic electrical power and machines
|b David Bradley
|h imp
|
| 264 |
|
|
|a London
|b Chapman & Hall
|c 1994
|
| 300 |
|
|
|a x, 194 páginas:
|c 26 cm
|
| 504 |
|
|
|a incl. ref.
|
| 650 |
|
0 |
|a Ingeniería de la producción
|9 34892
|
| 650 |
|
0 |
|a Energía eléctrica
|9 12455
|
| 942 |
|
|
|c BK
|z lucia.mora@ucuenca.edu.ec
|
| 999 |
|
|
|c 152626
|d 152626
|